Most Football(Soccer) League Titles by Country - Statistics

General Stats
  • This quiz has been taken 229 times
    109 since last reset
  • The average score is 45 of 86
Answer Stats
League Titles Club % Correct
England 13 Arsenal
99%
England 19 Liverpool
99%
England 20 Manchester United
99%
England 10 Manchester City
98%
France 12 Paris Saint-Germain
97%
Germany 33 Bayern Munich
96%
Spain 27 FC Barcelona
93%
Spain 36 Real Madrid
93%
Italy 19 AC Milan
92%
Germany 8 Borussia Dortmund
92%
Italy 20 Inter Milan
92%
Italy 36 Juventus FC
92%
Spain 11 Atlético Madrid
91%
Netherlands 36 Ajax Amsterdam
89%
France 9 Olympique Marseille
89%
Netherlands 25 PSV Eindhoven
89%
Portugal 30 FC Porto
86%
Portugal 38 SL Benfica
86%
Spain 6 Valencia CF
86%
Scotland 54 Celtic FC
82%
Scotland 55 Rangers FC
82%
Netherlands 16 Feyenoord Rotterdam
81%
Turkey 24 Galatasaray A.S.
80%
Belgium 34 RSC Anderlecht
78%
Turkey 16 Besiktas JK
76%
Argentina 38 Club Atlético River Plate
73%
Belgium 19 Club Brugge KV
73%
Turkey 19 Fenerbahce SK
73%
France 10 AS Saint-Étienne
71%
Argentina 35 Club Atlético Boca Juniors
71%
Germany 6 Hamburger SV
71%
Portugal 20 Sporting CP
69%
Russia 10 Zenit St. Petersburg
69%
USA/MLS 5 Los Angeles Galaxy
67%
Spain 8 Athletic Bilbao
64%
Brazil 8 Santos FC
64%
Russia 10 Spartak Moscow
64%
Russia 6 CSKA Moscow
63%
France 8 AS Monaco
61%
England 9 Everton
59%
Brazil 7 Flamengo RJ
57%
Scotland 4 Aberdeen FC
56%
Germany 7 FC Schalke 04
54%
Italy 9 Genoa CFC
51%
Russia 3 Lokomotiv Moscow
51%
Italy 7 Torino FC
51%
Scotland 4 Heart of Midlothian
50%
Brazil 12 Palmeiras
50%
Brazil 6 São Paulo FC
49%
Mexico 19 Club América
48%
France 8 FC Nantes
44%
Turkey 7 Trabzonspor
44%
Italy 7 Bologna FC 1909
40%
Brazil 7 Corinthians SP
39%
Portugal 1 Boavista FC
38%
Belgium 10 Standard Liège
38%
Scotland 4 Hibernian FC
37%
Turkey 1 Istanbul Basaksehir FK
34%
Argentina 16 Club Atlético Independiente
30%
Russia 2 Rubin Kazan
30%
USA/MLS 2 Seattle Sounders FC
24%
Turkey 1 Bursaspor
23%
Mexico 10 CF Pachuca
23%
Argentina 15 Club Atlético San Lorenzo de Almagro
23%
Mexico 9 Cruz Azul
23%
Mexico 12 Deportivo Guadalajara
23%
Italy 7 FC Pro Vercelli 1892
22%
Argentina 18 Racing Club
20%
Netherlands 6 Sparta Rotterdam
20%
Germany 9 1.FC Nuremberg
19%
Belgium 11 Union St. Gilloise
18%
USA/MLS 4 D.C. United
17%
USA/MLS 3 Columbus Crew
12%
USA/MLS 2 Houston Dynamo FC
11%
Japan 8 Kashima Antlers
11%
Japan 4 Kawasaki Frontale
10%
Portugal 1 Os Belenenses
10%
Japan 5 Yokohama F. Marinos
10%
Mexico 10 Deportivo Toluca
8%
Netherlands 10 HVV Den Haag
7%
USA/MLS 2 San Jose Earthquakes
7%
Japan 3 Sanfrecce Hiroshima
4%
USA/MLS 2 Sporting Kansas City
4%
Belgium 7 Beerschot AC
3%
Japan 3 Júbilo Iwata
3%
Mexico 15 Real Club España
2%
No matching quizzes found
Score Distribution
Percent of People with Each Score
Percentile by Number Answered
Your Score History
You have not taken this quiz since the last reset